Fair payment campaign (Record no. 120627)

MARC details
000 -LEADER
fixed length control field 00953cai a22001815a 4500
001 - CONTROL NUMBER
control field L140190
008 - FIXED-LENGTH DATA ELEMENTS--GENERAL INFORMATION
fixed length control field 070911u xxk f 000 0 eng d
035 ## - SYSTEM CONTROL NUMBER
System control number (Sirsi) u140190
041 0# - LANGUAGE CODE
Language code of text/sound track or separate title eng
110 2# - MAIN ENTRY--CORPORATE NAME
Corporate name or jurisdiction name as entry element National Specialist Contractors Council
9 (RLIN) 4301
245 00 - TITLE STATEMENT
Title Fair payment campaign
Medium [electronic resource]
520 ## - SUMMARY, ETC.
Summary, etc. Web page for the NSCC's Fair Payment Campaign, which calls for correct and punctual payment throughout the construction supply chain. The campaign's three key objectives are certainty of payment, 30 day payment, and removal of retentions. The web page includes guidance notes on these areas, news, and an area for supporters to sign up to the campaign.
590 ## - LOCAL NOTE (RLIN)
Local note KA
651 #4 - SUBJECT ADDED ENTRY--GEOGRAPHIC NAME
Geographic name United Kingdom
Chronological subdivision
690 ## - LOCAL SUBJECT ADDED ENTRY--TOPICAL TERM (OCLC, RLIN)
Topical term or geographic name as entry element BUILT ENVIRONMENT-CONSTRUCTION MANAGEMENT-BUILDING CONTRACT ADMINISTRATION
856 40 - ELECTRONIC LOCATION AND ACCESS
Uniform Resource Identifier <a href="https://www.nscc.org.uk/guidance/fair-payment.html">https://www.nscc.org.uk/guidance/fair-payment.html</a>
Public note View the website free of charge at www.nscc.org.uk...
942 ## - ADDED ENTRY ELEMENTS (KOHA)
Suppress in OPAC 0
Holdings
Withdrawn status Lost status Source of classification or shelving scheme Damaged status Not for loan Home library Current library Shelving location Date acquired Total Checkouts Full call number Barcode Date last seen Copy number Price effective from Koha item type
    Dewey Decimal Classification     Virtual Virtual Online 11/09/2007   WEB SITE 140190-2001 06/08/2019 1 06/08/2019 Online material